=LDR 00000nam 2200000 4500 =001 INLIS000000000001622 =005 20200414084134 =035 ##$$a 0010-061300000001622 =008 200414################g##########0#ind## =041 ##$$a Ind =082 ##$$a 2x3.132 =090 ##$$a 2x3.132, Mus-m =100 ##$$a Muslim, Imam, K.H =245 1#$$a Munafik neraka tempatnya /$c K.H. Imam Muslim =260 ##$$a Surabaya :$b Jawara,$c 1999 =300 ##$$a 112 hlm, ; $c 19 x 13 cm. =650 #4$$a Munafik - Islam =850 ##$$a NBPNMAT =084 ##$$a 2x3.132 MUS m =990 ##$$a 155.933, 155.934. 155.935, 155.936/Pro.2000 =990 ##$$a DW20009236 =990 ##$$a DW20009237 =990 ##$$a DW20009238 =990 ##$$a 0001/BPAP-NTB/2015 =990 ##$$a 0001/BPAP-NTB/2015 =990 ##$$a 155.933/Pro.2000 =990 ##$$a DW20009236 =990 ##$$a DW20009237 =990 ##$$a DW20009238 =990 ##$$a 0001/BPAP-NTB/2015 =990 ##$$a 157.667/Pb-2000 =990 ##$$a 155.933/Pro.2000 =990 ##$$a DW20009237 =990 ##$$a DW20009238 =990 ##$$a 0001/BPAP-NTB/2015 =990 ##$$a 155.934/Pb-2000 =990 ##$$a 155.933/Pro.2000 =990 ##$$a DW20009237 =990 ##$$a DW20009238 =990 ##$$a 0001/BPAP-NTB/2015 =990 ##$$a 155.935/Pro-2000 =990 ##$$a 155.933/Pro.2000 =990 ##$$a 155.934/Pb-2000 =990 ##$$a DW20009238 =990 ##$$a 0001/BPAP-NTB/2015 =990 ##$$a 155.936/Pro-2000 =990 ##$$a 155.933/Pro.2000 =990 ##$$a 155.934/Pb-2000 =990 ##$$a 155.935/Pro-2000 =990 ##$$a 0001/BPAP-NTB/2015 =990 ##$$a 157.667/Pb-2000 =990 ##$$a 155.933/Pro.2000 =990 ##$$a 155.934/Pb-2000 =990 ##$$a 155.935/Pro-2000 =990 ##$$a 155.936/Pro-2000 =990 ##$$a 155.933/Pro.2000 =990 ##$$a 155.934/Pb-2000 =990 ##$$a 155.935/Pro-2000 =990 ##$$a 155.936/Pro-2000 =990 ##$$a 157.667/Pb-2000